| 000 | 01420nam2a22002651 4500 | ||
|---|---|---|---|
| 001 | rc\311126 | ||
| 005 | 20250621064044.0 | ||
| 035 | _a(NLR Aleph) 005630883 | ||
| 090 |
_a6574384 _c6574384 |
||
| 100 | _a20030307d1990 |||y0rusy50 ca | ||
| 101 | 0 | _arus | |
| 102 | _aRU | ||
| 105 | _ay ||||||||| | ||
| 200 | 0 |
_a... за 1985-1988 гг., отеч., иностр. _fСоставитель А.В. Третинникова _gРедактор И.Г. Палилова |
|
| 210 |
_d1990 _aБ. м. |
||
| 215 | _a108, [1] с. | ||
| 461 | 0 |
_1001rc\311125 _12001#$aСелекция пшеницы на качество зерна$eУказ. лит....$fВАСХНИЛ. ВНИИТЭИагропром, Центр. науч. с.-х. б-ка ВАСХНИЛ$v... за 1985-1988 гг., отеч., иностр. _96574376 _cМ. _d1990 _fВАСХНИЛ. ВНИИТЭИагропром, Центр. науч. с.-х. б-ка ВАСХНИЛ _nЦНСХБ _oУказ. лит.... _tСелекция пшеницы на качество зерна _v... за 1985-1988 гг., отеч., иностр. |
|
| 702 | 1 |
_aТретинникова _bА.В. _4220 |
|
| 702 | 1 |
_4340 _7ca _8rus _aПалилова _bИ. Г. _cбиблиограф _f1928-2010 _gИрина Геннадиевна _9225367 _3RU\NLR\AUTH\770225423 |
|
| 801 | 0 |
_aRU _bNLR _gpsbo |
|
| 801 | 1 |
_aRU _bELAR _2rusmarc |
|
| 852 |
_aNLR _bС _jК-1/5242 |
||
| 942 | _cBOOK | ||
| 980 | _aNB | ||